Euro 2020 Group B - Belgium - Russia - Statistics

General Stats
  • This quiz has been taken 73 times
  • The average score is 15 of 33
Answer Stats
Player % Correct
Romelu Lukaku ²
95%
Thibaut Courtois
92%
Eden Hazard
90%
Thorgan Hazard
90%
Jan Vertonghen
89%
Toby Alderweireld
75%
Youri Tielemans
70%
Aleksandr Golovin
69%
Yannick Carrasco
67%
Roberto Martínez
62%
Artem Dzyuba
61%
Dries Mertens
61%
Thomas Meunier ¹
61%
Mário Fernandes
54%
Dedryck Boyata
49%
Timothy Castagne
48%
Leander Dendoncker
44%
Denis Cheryshev
41%
Thomas Vermaelen
36%
Aleksei Miranchuk
31%
Dennis Praet
20%
Roman Zobnin
20%
Stanislav Cherchesov
20%
Anton Shunin
18%
Yuri Zhirkov
18%
Andrei Semyonov
16%
Daler Kuzyayev
11%
Dmitri Barinov
11%
Georgi Dzhikiya
11%
Magomed Ozdoyev
10%
Vyacheslav Karavayev
10%
Igor Diveyev
5%
Maksim Mukhin
5%
No matching quizzes found
Score Distribution
Percent of People with Each Score
Percentile by Number Answered
Your Score History
You have not taken this quiz